[Event "Schachfestival Senioren"]
[Site "Bad Woerishofen"]
[Date "2023.03.09"]
[Round "7.15"]
[White "Wegemund, Hubert"]
[Black "Neese, Hans-Joachim"]
[Result "1/2-1/2"]
[WhiteElo "1869"]
[BlackElo "2058"]
[PlyCount "96"]
[EventDate "2023.??.??"]
[WhiteTeam "SK Norderstedt von 1975"]
[BlackTeam "SV Hennef 1927 e. V."]

1. e4 c5 2. Nf3 d6 3. Bb5+ Nd7 4. d4 cxd4 5. Qxd4 a6 6. Bxd7+ Bxd7 7. O-O Qc7 8. c4 Rc8 9. b3 Qc5 10. Be3 e6 11. Rd1 Qxd4 12. Nxd4 Nf6 13. f3 Be7 14. Nd2 O-O 15. g4 Rfd8 16. Rac1 Be8 17. Kg2 Nd7 18. f4 g6 19. f5 Ne5 20. h3 Nd3 21. Rb1 e5 22. Ne2 Bc6 23. Nc3 gxf5 24. gxf5 Kh8 25. Kf3 Rg8 26. Rg1 Nb4 27. Rxg8+ Rxg8 28. Rg1 Bd8 29. Rxg8+ Kxg8 30. Bf2 Kg7 31. Nf1 Nd3 32. Be3 Ba5 33. Nd5 f6 34. Ng3 Be8 35. Ke2 Nb4 36. Nxb4 Bxb4 37. Bd2 Bc5 38. Be3 Ba3 39. Kd3 b5 40. Ne2 bxc4+ 41. bxc4 Bb4 42. Nc3 Bxc3 43. Kxc3 Bc6 44. Kd3 Kf7 45. Bb6 Ke7 46. Be3 a5 47. Bb6 a4 48. Be3 Bb7 1/2-1/2

[Event "Schachfestival Senioren"]
[Site "Bad Woerishofen"]
[Date "2023.03.09"]
[Round "7.16"]
[White "Wulf, Juergen"]
[Black "Keller, Harald"]
[Result "0-1"]
[WhiteElo "1841"]
[BlackElo "2051"]
[PlyCount "70"]
[EventDate "2023.??.??"]
[WhiteTeam "Markdorf"]
[BlackTeam "SV Rottweil"]

1. Nf3 Nf6 2. d4 e6 3. g3 b6 4. Bg2 Bb7 5. O-O Be7 6. c4 O-O 7. Nc3 d5 8. Ne5 c5 9. Bg5 Ne4 10. Bxe7 Qxe7 11. Nxe4 dxe4 12. e3 f6 13. f4 fxe5 14. fxe5 Rxf1+ 15. Qxf1 cxd4 16. exd4 Nc6 17. Rd1 Rd8 18. d5 exd5 19. cxd5 Qc5+ 20. Kh1 Nxe5 21. b4 Qf8 22. Qxf8+ Kxf8 23. Bxe4 Ke7 24. d6+ Rxd6 25. Re1 Bxe4+ 26. Rxe4 Ke6 27. Re2 Rd7 28. Kg2 Kd5 29. a3 Kd4 30. Re1 Nd3 31. Rd1 Kc3 32. Kf1 Kc2 33. Ra1 Nb2 34. Ke2 Rd2+ 35. Ke1 Rxh2 0-1

[Event "Schachfestival Senioren"]
[Site "Bad Woerishofen"]
[Date "2023.03.09"]
[Round "7.17"]
[White "Heppell, Ian N"]
[Black "Gerl, Hans"]
[Result "1/2-1/2"]
[WhiteElo "1965"]
[BlackElo "1883"]
[PlyCount "86"]
[EventDate "2023.??.??"]
[WhiteTeam "Wimbledon"]
[BlackTeam "SGem 1882 Fuerth"]

1. e4 c5 2. Nf3 d6 3. Bb5+ Nd7 4. d4 cxd4 5. Qxd4 a6 6. Bxd7+ Qxd7 7. Nc3 e6 8. Bg5 b5 9. O-O f6 10. Bh4 Bb7 11. Rfd1 Rd8 12. a3 Be7 13. Rd2 Nh6 14. Rad1 Nf7 15. Bg3 O-O 16. Qe3 Qc8 17. h3 Ne5 18. Bxe5 fxe5 19. Qd3 h6 20. Ne2 Qc6 21. Qb3 Qc8 22. Ng3 Kh7 23. Qb4 Rf7 24. Qb3 Rf4 25. Re1 g6 26. Rde2 Rdf8 27. Nf1 h5 28. N1d2 a5 29. Qd3 b4 30. axb4 axb4 31. c4 bxc3 32. bxc3 Ba6 33. c4 Qc6 34. Re3 Rc8 35. Rc1 Bd8 36. Qc2 Bb6 37. Rc3 Kh6 38. Nb3 Qxe4 39. c5 dxc5 40. Nxc5 Bxc5 41. Qxe4 Rxe4 42. Rxc5 Rxc5 43. Rxc5 Bc4 1/2-1/2

[Event "Schachfestival Senioren"]
[Site "Bad Woerishofen"]
[Date "2023.03.09"]
[Round "7.18"]
[White "Walther, Reinhard"]
[Black "McAndrew, Robert"]
[Result "0-1"]
[WhiteElo "1987"]
[BlackElo "1874"]
[PlyCount "56"]
[EventDate "2023.??.??"]
[WhiteTeam "SK 1911 Herzogenaurach e.V."]
[BlackTeam "Gambit Bonnevoie"]

1. d4 Nf6 2. Bg5 g6 3. Nc3 d5 4. Qd2 h6 5. Bf4 Bg7 6. h4 Ne4 7. Qe3 Nxc3 8. Qxc3 c5 9. e3 cxd4 10. exd4 Nc6 11. Nf3 Bd7 12. O-O-O Rc8 13. Qb3 O-O 14. c3 Bg4 15. Kb1 Na5 16. Qc2 Nc4 17. Bd3 Qb6 18. Ka1 Rc6 19. Rc1 Bxf3 20. gxf3 Rfc8 21. Rce1 Rf6 22. Bc1 e5 23. dxe5 Rxf3 24. e6 fxe6 25. Bxg6 Na3 26. Qe2 Rfxc3 27. Qxe6+ Qxe6 28. Rxe6 Rxc1+ 0-1

[Event "Schachfestival Senioren"]
[Site "Bad Woerishofen"]
[Date "2023.03.09"]
[Round "7.19"]
[White "Halli, Gerhard"]
[Black "Christen, Pierre"]
[Result "1/2-1/2"]
[WhiteElo "1957"]
[BlackElo "1855"]
[PlyCount "40"]
[EventDate "2023.??.??"]
[WhiteTeam "SK 1947 Sandhausen e.V."]
[BlackTeam "SG Trier 1877 e.V."]

1. d4 d5 2. Bf4 Nf6 3. e3 c5 4. c3 Nc6 5. Bd3 Qb6 6. Qc1 Bg4 7. Nd2 e6 8. Ngf3 Be7 9. O-O O-O 10. Qb1 Bh5 11. Ne5 Bg6 12. Ndf3 Rad8 13. Nxg6 hxg6 14. h3 Nh5 15. Bh2 Nf6 16. Re1 Rc8 17. Ne5 Nxe5 18. Bxe5 Nd7 19. Bg3 f5 20. f4 c4 1/2-1/2

[Event "Schachfestival Senioren"]
[Site "Bad Woerishofen"]
[Date "2023.03.09"]
[Round "7.20"]
[White "Kleinhenz, Hans-Georg"]
[Black "Schwalb, Manfred"]
[Result "1/2-1/2"]
[WhiteElo "1796"]
[BlackElo "1955"]
[PlyCount "49"]
[EventDate "2023.??.??"]
[WhiteTeam "Stolberger SV 1927"]
[BlackTeam "SV Calw"]

1. d4 Nf6 2. Nf3 g6 3. g3 Bg7 4. Bg2 O-O 5. O-O d6 6. b3 Nbd7 7. Bb2 c6 8. Re1 d5 9. Nc3 Qc7 10. Qc1 Re8 11. e4 Nxe4 12. Nxe4 dxe4 13. Rxe4 Nf6 14. Re1 Be6 15. c4 Rad8 16. Bc3 Qc8 17. Qb2 Bf5 18. Ne5 Ng4 19. Nf3 h5 20. h4 Bh6 21. Bd2 Bg7 22. Bc3 Qc7 23. Rac1 Bh6 24. Bd2 Bg7 25. Bc3 1/2-1/2

[Event "Schachfestival Senioren"]
[Site "Bad Woerishofen"]
[Date "2023.03.09"]
[Round "7.21"]
[White "Scharrer, Udo"]
[Black "Hotz, Herbert"]
[Result "1-0"]
[WhiteElo "1942"]
[BlackElo "1553"]
[PlyCount "91"]
[EventDate "2023.??.??"]
[WhiteTeam "SV Dicker Turm Esslingen"]
[BlackTeam "SC 1970 Lorsch"]

1. d4 Nf6 2. c4 g6 3. Nc3 Bg7 4. e4 d6 5. Be2 O-O 6. Bg5 c5 7. d5 h6 8. Be3 e6 9. Qd2 Kh7 10. f3 exd5 11. cxd5 a6 12. a4 Bd7 13. Bd3 Qa5 14. Ra3 Be8 15. Nge2 Nbd7 16. O-O Ne5 17. Rfa1 Nfd7 18. Nc1 Qd8 19. a5 Nxd3 20. Nxd3 c4 21. Nc1 Rc8 22. b3 Qf6 23. N1e2 g5 24. Bd4 Qg6 25. Bxg7 Qxg7 26. bxc4 Rxc4 27. Ra4 Rxa4 28. Rxa4 Nc5 29. Ra3 Bd7 30. g4 Re8 31. Qd4 Re5 32. Ng3 Qf6 33. Kg2 Qe7 34. h3 f6 35. Nd1 Qe8 36. Ne3 Ba4 37. Nc4 Qb5 38. Nxe5 fxe5 39. Qc3 b6 40. axb6 Qxb6 41. Nf5 a5 42. h4 Qb4 43. Nxd6 Qd4 44. Nf5 Qxc3 45. Rxc3 Nd7 46. Ra3 1-0

[Event "Schachfestival Senioren"]
[Site "Bad Woerishofen"]
[Date "2023.03.09"]
[Round "7.22"]
[White "Cordara, Michele"]
[Black "Wagner, Werner"]
[Result "1-0"]
[WhiteElo "1917"]
[BlackElo "1740"]
[PlyCount "165"]
[EventDate "2023.??.??"]
[WhiteTeam "Scaccomattissimo"]
[BlackTeam "SC GEMA St.Ingbert"]

1. d4 Nf6 2. Bg5 d5 3. Nf3 Bf5 4. e3 Nbd7 5. Be2 e6 6. O-O Be7 7. c4 c6 8. Nc3 h6 9. Bf4 dxc4 10. Bxc4 Nb6 11. Bd3 Bxd3 12. Qxd3 O-O 13. Rfd1 Nbd5 14. Bg3 Qb6 15. a3 Rad8 16. Qc2 Nh5 17. Ne5 Nxg3 18. hxg3 Bf6 19. Nc4 Qc7 20. Ne4 Be7 21. b4 f5 22. Nc5 Rf6 23. Rab1 Bd6 24. Nxd6 Rxd6 25. Nd3 Qb8 26. Rdc1 Qe8 27. Qc5 Qb8 28. Ne5 Rd8 29. b5 Qd6 30. Qxd6 Rxd6 31. bxc6 bxc6 32. Rb7 Rf8 33. Rxa7 Rb8 34. Ra6 Rdd8 35. Raxc6 Rb3 36. a4 Ra3 37. Rc8 Rf8 38. Nd7 Rxc8 39. Rxc8+ Kf7 40. Nc5 Nf6 41. Rc7+ Ke8 42. f3 Nd5 43. Rxg7 Nxe3 44. Nxe6 Rxa4 45. Rh7 Ra2 46. Nf4 Ra1+ 47. Kf2 Nc2 48. d5 Ra6 49. Ke2 Rd6 50. Kd3 Na3 51. Rb7 Ra6 52. Nh5 Kd8 53. Rf7 Nb5 54. Rxf5 Ra3+ 55. Kd2 Ra2+ 56. Ke3 Rxg2 57. Rf6 Kd7 58. g4 Nc7 59. Nf4 Rh2 60. Ke4 Nb5 61. Ke5 Rh1 62. Rf7+ Ke8 63. Rh7 Re1+ 64. Kf6 Re3 65. Rxh6 Rxf3 66. Kg5 Kd7 67. Rh3 Rf1 68. Rd3 Nd6 69. Rd4 Nf7+ 70. Kf6 Nh6 71. g5 Ng8+ 72. Kf7 Ne7 73. g6 Rg1 74. Re4 Nc8 75. Ra4 Nd6+ 76. Kf8 Nf5 77. g7 Nh6 78. Ra7+ Kc8 79. Ra6 Rg4 80. Rxh6 Rxf4+ 81. Ke7 Rg4 82. Kf7 Rf4+ 83. Rf6 1-0

[Event "Schachfestival Senioren"]
[Site "Bad Woerishofen"]
[Date "2023.03.09"]
[Round "7.23"]
[White "Schilling, Hans"]
[Black "Goris, Ton"]
[Result "0-1"]
[WhiteElo "1724"]
[BlackElo "1905"]
[PlyCount "46"]
[EventDate "2023.??.??"]
[WhiteTeam "SF Nordost Berlin"]

1. d4 e6 2. Nf3 c5 3. e3 Nf6 4. Nbd2 d5 5. c3 Nc6 6. Bd3 Bd6 7. O-O O-O 8. dxc5 Bxc5 9. e4 dxe4 10. Nxe4 Be7 11. Qe2 Nxe4 12. Bxe4 h6 13. Bc2 Qc7 14. Re1 Bd6 15. Be3 e5 16. h3 Be6 17. Rad1 Rad8 18. Bb3 Bxb3 19. axb3 b6 20. Bc1 Rfe8 21. Qc2 e4 22. Nd4 Nxd4 23. Rxd4 Bh2+ 0-1

[Event "Schachfestival Senioren"]
[Site "Bad Woerishofen"]
[Date "2023.03.09"]
[Round "7.24"]
[White "Hager, Eberhard"]
[Black "Naeckel, Gerhard"]
[Result "1/2-1/2"]
[WhiteElo "1778"]
[BlackElo "2146"]
[PlyCount "49"]
[EventDate "2023.??.??"]
[WhiteTeam "SK Friedberg im Gehoerl. Sportverein"]
[BlackTeam "SV Steinitz Puettlingen"]

1. e4 e5 2. Bc4 Nc6 3. Nf3 Nf6 4. Ng5 d5 5. exd5 Na5 6. Bb5+ c6 7. dxc6 bxc6 8. Be2 h6 9. Nf3 e4 10. Ne5 Qc7 11. Ng4 Be7 12. Nxf6+ Bxf6 13. d3 exd3 14. Bxd3 O-O 15. O-O c5 16. Nc3 Bxc3 17. bxc3 Be6 18. Qf3 f5 19. Re1 Qf7 20. Ba3 Rac8 21. Qe3 Bd5 22. Qg3 Nc4 23. Bxc4 Bxc4 24. Re5 Rfe8 25. Rae1 1/2-1/2

[Event "Schachfestival Senioren"]
[Site "Bad Woerishofen"]
[Date "2023.03.09"]
[Round "7.25"]
[White "Pfitzer, Norbert"]
[Black "Di Lazzaro, Gabriele"]
[Result "1/2-1/2"]
[WhiteElo "2061"]
[BlackElo "1810"]
[PlyCount "94"]
[EventDate "2023.??.??"]
[WhiteTeam "SV Backnang"]

1. d4 Nf6 2. c4 e5 3. dxe5 Ne4 4. Nf3 Bb4+ 5. Nbd2 Nc6 6. a3 Bxd2+ 7. Nxd2 Nxd2 8. Bxd2 Nxe5 9. e3 d6 10. Be2 Qg5 11. g3 Qg6 12. Bc3 Be6 13. O-O O-O 14. Rc1 Rfd8 15. b3 f6 16. f3 c6 17. e4 f5 18. f4 Ng4 19. Bxg4 Qxg4 20. Qxg4 fxg4 21. Rcd1 d5 22. f5 Bf7 23. e5 dxc4 24. e6 Be8 25. bxc4 c5 26. Rd5 Bc6 27. Rxc5 Rd3 28. Bb4 Rad8 29. e7 Re8 30. f6 Bf3 31. fxg7 Kxg7 32. Rf5 Re3 33. Rf8 R3xe7 34. Bxe7 Rxe7 35. Rf4 Re2 36. R1xf3 gxf3 37. Rxf3 Rc2 38. Rd3 Rb2 39. g4 Kg6 40. h4 h6 41. Rd6+ Kg7 42. Rd5 Kg6 43. Rb5 Ra2 44. Rxb7 Rxa3 45. Kf2 Rc3 46. Rxa7 Rxc4 47. Ra6+ Kg7 1/2-1/2

[Event "Schachfestival Senioren"]
[Site "Bad Woerishofen"]
[Date "2023.03.09"]
[Round "7.26"]
[White "Steinberg, Sven"]
[Black "Kundt, Guenther"]
[Result "1/2-1/2"]
[WhiteElo "2011"]
[BlackElo "1776"]
[PlyCount "25"]
[EventDate "2023.??.??"]
[WhiteTeam "TSV Trostberg"]
[BlackTeam "SSC Graal-MÃ¼ritz"]

1. e4 d5 2. exd5 Nf6 3. d4 Nxd5 4. Nf3 Bg4 5. Be2 e6 6. O-O Be7 7. h3 Bxf3 8. Bxf3 c6 9. Qd3 O-O 10. a3 Nd7 11. Bxd5 exd5 12. Bf4 Rc8 13. Nd2 1/2-1/2

[Event "Schachfestival Senioren"]
[Site "Bad Woerishofen"]
[Date "2023.03.09"]
[Round "7.28"]
[White "Braeu, Wolfgang"]
[Black "Klimpel, Siegfried"]
[Result "1-0"]
[WhiteElo "1921"]
[BlackElo "1768"]
[PlyCount "73"]
[EventDate "2023.??.??"]
[WhiteTeam "ASV Martinszell Abteilung Schach"]
[BlackTeam "TSV Kareth-Lappersdorf"]

1. d4 g6 2. c4 Bg7 3. e4 d6 4. Nc3 e6 5. h4 h6 6. Be3 Nd7 7. Qd2 b6 8. Be2 Bb7 9. f3 a6 10. g4 Ne7 11. Nh3 e5 12. d5 Nc5 13. b4 Nd7 14. Rc1 f5 15. exf5 gxf5 16. Bd3 f4 17. Bf2 Nf6 18. Ne4 Nxe4 19. Bxe4 Qd7 20. Rd1 a5 21. b5 Bc8 22. h5 Rf8 23. Qd3 Kf7 24. Bh4 Kg8 25. Ke2 Qe8 26. Rdg1 Kh8 27. Qd1 Qd7 28. Qf1 Ng8 29. g5 Qe7 30. gxh6 Bf6 31. Bxf6+ Nxf6 32. Ng5 Nd7 33. Ne6 Rf6 34. h7 Bb7 35. Qg2 Qf7 36. Bg6 Qe7 37. Be8 1-0

[Event "Schachfestival Senioren"]
[Site "Bad Woerishofen"]
[Date "2023.03.09"]
[Round "7.29"]
[White "Vaclahovsky, Gerhard"]
[Black "Kainz, Josef"]
[Result "0-1"]
[WhiteElo "1648"]
[BlackElo "1913"]
[PlyCount "76"]
[EventDate "2023.??.??"]
[WhiteTeam "SK Keres-Augsburg 1980"]
[BlackTeam "Frauental"]

1. e4 c5 2. Nf3 Nc6 3. Nc3 g6 4. d4 cxd4 5. Nxd4 Bg7 6. Nxc6 bxc6 7. Bd3 e5 8. O-O Ne7 9. Kh1 O-O 10. f4 exf4 11. Bxf4 d5 12. exd5 cxd5 13. Rb1 a5 14. Re1 Be6 15. a3 d4 16. Nb5 Nd5 17. Qd2 Nxf4 18. Qxf4 Rb8 19. a4 Qd7 20. Re2 Bg4 21. Ree1 h5 22. Qd6 Rfe8 23. Kg1 Rxe1+ 24. Rxe1 Qxd6 25. Nxd6 Rxb2 26. Nc4 Ra2 27. Nxa5 Rxa4 28. Nc4 Ra8 29. Nd6 Bf8 30. Ne4 Kg7 31. Kf2 Be6 32. Ng5 Bd5 33. Re5 Rd8 34. Re2 Bd6 35. h3 Rd7 36. Nf3 Bc5 37. Nd2 f6 38. Nc4 Bxc4 0-1

[Event "Schachfestival Senioren"]
[Site "Bad Woerishofen"]
[Date "2023.03.09"]
[Round "7.30"]
[White "Wuest, Michael"]
[Black "Bjorgvik, Jan Arne"]
[Result "1/2-1/2"]
[WhiteElo "1881"]
[BlackElo "1764"]
[PlyCount "92"]
[EventDate "2023.??.??"]
[WhiteTeam "PTSV SK Hof 1892"]
[BlackTeam "NSF"]

1. e4 c6 2. d4 d5 3. exd5 cxd5 4. Bd3 Nf6 5. h3 e6 6. Nf3 Nc6 7. c3 h6 8. O-O Bd6 9. Re1 Qc7 10. Qe2 O-O 11. Ne5 Bxe5 12. dxe5 Nd7 13. f4 f5 14. exf6 Nxf6 15. Na3 a6 16. Be3 Ne7 17. g4 b5 18. Nc2 e5 19. fxe5 Ne4 20. Qg2 Ng5 21. Bxg5 hxg5 22. Nd4 Qc5 23. Kh2 Bd7 24. Rf1 Rf4 25. Rxf4 gxf4 26. Rf1 g5 27. Bb1 Kg7 28. Qc2 Rh8 29. e6 Be8 30. Nf5+ Kf6 31. Nxe7 Kxe7 32. Qe2 Qd6 33. Qf3 Bc6 34. Re1 d4 35. Be4 Bxe4 36. Rxe4 dxc3 37. bxc3 Kf6 38. e7 Re8 39. h4 Rxe7 40. Rxe7 Qxe7 41. Qc6+ Kg7 42. hxg5 Qe2+ 43. Kh3 Qe3+ 44. Kg2 Qe2+ 45. Kh3 Qe3+ 46. Kg2 Qe2+ 1/2-1/2

[Event "Schachfestival Senioren"]
[Site "Bad Woerishofen"]
[Date "2023.03.09"]
[Round "7.31"]
[White "Green, Per"]
[Black "Wenske, Hardy"]
[Result "1-0"]
[WhiteElo "1876"]
[BlackElo "1761"]
[PlyCount "121"]
[EventDate "2023.??.??"]
[WhiteTeam "Argryte SK"]
[BlackTeam "Kieler Schachgesellschaft"]

1. c4 e6 2. g3 d5 3. Bg2 c6 4. Nf3 Nf6 5. O-O Bd6 6. d4 O-O 7. Nfd2 Nbd7 8. Nc3 Bb4 9. e4 Bxc3 10. bxc3 dxe4 11. Nxe4 Nxe4 12. Bxe4 Nf6 13. Bg2 h6 14. Re1 Re8 15. Bf4 Re7 16. Qf3 Rd7 17. Rad1 b6 18. Qxc6 Bb7 19. Qb5 Bxg2 20. Kxg2 Rc8 21. Rb1 Ne8 22. Qb4 Nd6 23. Bxd6 Rxd6 24. Re5 Rdc6 25. c5 bxc5 26. dxc5 Qc7 27. Qe4 Rxc5 28. Rxc5 Qxc5 29. Rb3 a5 30. h3 Rd8 31. c4 a4 32. Rb7 Rc8 33. Qf3 Qc6 34. Qxc6 Rxc6 35. Rb8+ Kh7 36. Rb4 a3 37. Ra4 Kg6 38. Kf3 f5 39. Ke3 e5 40. Kd3 Kf6 41. Rxa3 g5 42. f3 Rd6+ 43. Ke2 Re6 44. Rc3 Ke7 45. c5 Rc6 46. g4 Ke6 47. Ke3 fxg4 48. hxg4 Kd5 49. a3 e4 50. fxe4+ Ke5 51. a4 h5 52. gxh5 g4 53. Rd3 Rc8 54. Rd5+ Ke6 55. Rg5 Rh8 56. Kf4 Ra8 57. c6 Rxa4 58. Rxg4 Kf6 59. h6 Ra8 60. h7 Rh8 61. c7 1-0

[Event "Schachfestival Senioren"]
[Site "Bad Woerishofen"]
[Date "2023.03.09"]
[Round "7.32"]
[White "Wild, Helmut"]
[Black "Kirchner, Ulrich"]
[Result "1-0"]
[WhiteElo "1855"]
[BlackElo "1750"]
[PlyCount "97"]
[EventDate "2023.??.??"]
[WhiteTeam "SK Gau-Algesheim"]
[BlackTeam "SF Blaustein"]

1. c4 Nf6 2. Nc3 e6 3. e4 d5 4. e5 Nfd7 5. cxd5 exd5 6. d4 c6 7. Nf3 Be7 8. Be3 Nf8 9. Bd3 Bg4 10. a3 Ne6 11. h3 Bxf3 12. Qxf3 Nd7 13. O-O Nxe5 14. dxe5 d4 15. Bd2 dxc3 16. Bxc3 O-O 17. Rfd1 Qc7 18. Rac1 Rad8 19. b4 Rd7 20. Bf5 Rfd8 21. Bc2 Rxd1+ 22. Rxd1 Rxd1+ 23. Qxd1 Qd8 24. Kf1 Qxd1+ 25. Bxd1 c5 26. Bb3 Kf8 27. g3 cxb4 28. axb4 h5 29. h4 Ke8 30. f4 g6 31. Ke2 Kd7 32. Ba4+ Kd8 33. Kd3 a6 34. Ke4 b5 35. Bb3 Kd7 36. Bd5 Bd8 37. Be1 f5+ 38. exf6 Bxf6 39. f5 gxf5+ 40. Kxf5 Nc7 41. Bf7 Be7 42. Bxh5 Nd5 43. Be2 Bxb4 44. Bxb4 Nxb4 45. Kf6 Kc6 46. h5 Nd5+ 47. Kf7 Nc3 48. Bd3 b4 49. h6 1-0

[Event "Schachfestival Senioren"]
[Site "Bad Woerishofen"]
[Date "2023.03.09"]
[Round "7.33"]
[White "Vonach, Bernhard"]
[Black "Schestak, Herbert"]
[Result "0-1"]
[WhiteElo "1829"]
[BlackElo "1729"]
[PlyCount "98"]
[EventDate "2023.??.??"]
[WhiteTeam "Sportfr.Windach e.V.1923"]

1. Nf3 d5 2. d4 Bf5 3. b3 e6 4. Bb2 Nf6 5. a3 Nbd7 6. Nbd2 Bd6 7. e3 c6 8. Bd3 Bg6 9. Ne5 Qc7 10. f4 O-O 11. Bxg6 hxg6 12. g4 Bxe5 13. fxe5 Nh7 14. h4 f6 15. Nf3 fxe5 16. dxe5 Nc5 17. Qe2 Ne4 18. Rh3 Kf7 19. O-O-O Ke7 20. Qg2 Rf7 21. g5 Nf8 22. h5 gxh5 23. Rxh5 Ng6 24. Kb1 Raf8 25. Rf1 Rxf3 26. Rxf3 Rxf3 27. Ka2 Rf2 28. Qh3 Rxc2 29. Kb1 Rf2 30. Rh7 Rf7 31. Qh5 Nf8 32. g6 Rf1+ 33. Ka2 Ke8 34. Qh6 gxh6 35. Rxc7 Nxg6 36. Rxb7 Rf7 37. Rb8+ Ke7 38. Rb7+ Kf8 39. Rb8+ Kg7 40. Rc8 Ne7 41. Rc7 h5 42. Rxa7 h4 43. a4 h3 44. Ba3 Nf5 45. Ra6 h2 46. Rxc6 h1=Q 47. Rc1 Qh2+ 48. Bb2 Nxe3 49. a5 Rf2 0-1

[Event "Schachfestival Senioren"]
[Site "Bad Woerishofen"]
[Date "2023.03.09"]
[Round "7.34"]
[White "Zwetz, Anita"]
[Black "Meul, Willi"]
[Result "1-0"]
[WhiteElo "1827"]
[BlackElo "1722"]
[PlyCount "73"]
[EventDate "2023.??.??"]
[WhiteTeam "TSV Kareth-Lappersdorf"]
[BlackTeam "Bruehler SK 1920 e. V."]

1. d4 d5 2. Nf3 e6 3. Bg5 Be7 4. Bxe7 Nxe7 5. Nbd2 Nd7 6. e3 c5 7. c3 b6 8. Bd3 Bb7 9. Qc2 Nf6 10. Ne5 Rc8 11. O-O O-O 12. f4 Ne4 13. Rf3 f6 14. Ng4 f5 15. Ne5 Rf6 16. Rh3 Nxd2 17. Qxd2 Nc6 18. Qe2 Nxe5 19. fxe5 Rg6 20. Rf1 Rg4 21. Qf2 g5 22. Be2 Rh4 23. Rxh4 gxh4 24. Qf4 Rc7 25. Rf3 Rg7 26. Rh3 Qg5 27. Qxg5 Rxg5 28. Rxh4 Kg7 29. Rf4 Bc6 30. Kf2 Kh8 31. h4 Rg8 32. g4 Bd7 33. gxf5 exf5 34. c4 dxc4 35. Bxc4 Rc8 36. Bd3 Rf8 37. d5 1-0

[Event "Schachfestival Senioren"]
[Site "Bad Woerishofen"]
[Date "2023.03.09"]
[Round "7.35"]
[White "Haugg, Gerhard"]
[Black "Emser, Heinrich"]
[Result "1-0"]
[WhiteElo "1744"]
[BlackElo "1822"]
[PlyCount "69"]
[EventDate "2023.??.??"]
[BlackTeam "Vereinslos"]

1. e4 e5 2. d4 exd4 3. Qxd4 Nc6 4. Qe3 d6 5. Nc3 g6 6. Bd2 Bg7 7. O-O-O Nge7 8. f4 Bd7 9. h3 Nd4 10. Nf3 Nec6 11. Be1 Nxf3 12. Qxf3 Qe7 13. Nd5 Qd8 14. g4 Be6 15. Bc3 f6 16. Bb5 O-O 17. f5 Bxd5 18. exd5 Ne5 19. Qg3 a6 20. Be2 b5 21. fxg6 hxg6 22. h4 Re8 23. Rde1 Qd7 24. g5 f5 25. h5 Nc4 26. Bxg7 Qxg7 27. Bxc4 bxc4 28. hxg6 Rxe1+ 29. Rxe1 Rb8 30. c3 Qxg6 31. Qe3 Rf8 32. Qf4 Rf7 33. Re6 Qg7 34. Qh4 Rf8 35. Qh5 1-0

[Event "Schachfestival Senioren"]
[Site "Bad Woerishofen"]
[Date "2023.03.09"]
[Round "7.36"]
[White "Lechner, Otto"]
[Black "Rothenhagen, Siegfried"]
[Result "1-0"]
[WhiteElo "1820"]
[BlackElo "1712"]
[PlyCount "95"]
[EventDate "2023.??.??"]
[WhiteTeam "TSV Wertingen 1862 SAbt"]
[BlackTeam "Sportfr.Windach e.V.1923"]

1. d4 Nf6 2. Nf3 d5 3. e3 Bg4 4. h3 Bxf3 5. Qxf3 e6 6. Nd2 Be7 7. Bd3 O-O 8. b3 Nbd7 9. Bb2 c5 10. O-O Qa5 11. Qe2 Rac8 12. a3 a6 13. c4 cxd4 14. exd4 Qd8 15. Nf3 h6 16. Ne5 Bd6 17. f4 Qe7 18. c5 Bb8 19. Rac1 Nxe5 20. fxe5 Nh7 21. Rce1 Qh4 22. Qe3 Qg5 23. Rf3 Qxe3+ 24. Rexe3 Bc7 25. b4 Bd8 26. Rf1 Bg5 27. Re2 Rc7 28. Bc1 Bxc1 29. Rxc1 Rfc8 30. b5 axb5 31. Bxb5 Nf8 32. Rec2 Nd7 33. c6 bxc6 34. Rxc6 Rxc6 35. Rxc6 Rb8 36. a4 Nb6 37. Kf2 Nc8 38. Rc7 Kf8 39. Ke2 Ne7 40. Kd3 Rc8 41. Rc5 f6 42. exf6 gxf6 43. Bd7 Rxc5 44. dxc5 d4 45. Bxe6 Nc6 46. Bd5 Na7 47. Kxd4 Ke7 48. Ke4 1-0

[Event "Schachfestival Senioren"]
[Site "Bad Woerishofen"]
[Date "2023.03.09"]
[Round "7.38"]
[White "Bachmann, Rolf"]
[Black "Eibl, Guenter"]
[Result "0-1"]
[WhiteElo "1870"]
[BlackElo "1693"]
[PlyCount "92"]
[EventDate "2023.??.??"]
[WhiteTeam "Hammer Sportclub 2008 e. V."]
[BlackTeam "Schachfreunde Muenchen"]

1. d4 d5 2. Nf3 Nf6 3. Bf4 Bf5 4. h3 e6 5. e3 c5 6. g4 Bg6 7. Ne5 Qb6 8. Nxg6 hxg6 9. b3 Bd6 10. Bxd6 Qxd6 11. c4 Nc6 12. cxd5 Qxd5 13. Rg1 cxd4 14. Bg2 Qa5+ 15. Qd2 Qxd2+ 16. Nxd2 dxe3 17. fxe3 Nd5 18. Kf2 Rd8 19. a3 Ke7 20. Rac1 Rd7 21. Ne4 Ne5 22. Ke2 b6 23. Rc2 Nf6 24. Nf2 Rhd8 25. Rd1 Rxd1 26. Nxd1 Nd5 27. Nc3 Nxc3+ 28. Rxc3 f5 29. g5 Nf7 30. h4 Nd6 31. a4 Rc8 32. Kd3 Rxc3+ 33. Kxc3 Ne8 34. Bf3 Kd6 35. h5 gxh5 36. Bxh5 Nc7 37. Bf3 e5 38. b4 Nd5+ 39. Bxd5 Kxd5 40. Kd3 e4+ 41. Kc3 a6 42. a5 b5 43. Kb3 Ke5 44. Kc3 f4 45. exf4+ Kxf4 46. g6 e3 0-1

[Event "Schachfestival Senioren"]
[Site "Bad Woerishofen"]
[Date "2023.03.09"]
[Round "7.39"]
[White "Cerpnjak, Mirko"]
[Black "Ganslmayer, Anton"]
[Result "1/2-1/2"]
[WhiteElo "1702"]
[BlackElo "1856"]
[PlyCount "55"]
[EventDate "2023.??.??"]
[WhiteTeam "SC Groebenzell"]
[BlackTeam "SV Jedesheim"]

1. e4 e6 2. d3 c5 3. Nf3 Nc6 4. g3 d5 5. Nbd2 g6 6. Bg2 Bg7 7. O-O Nge7 8. Re1 O-O 9. c3 d4 10. c4 e5 11. h3 Bd7 12. Nf1 a6 13. N1h2 Qc8 14. g4 b5 15. b3 b4 16. Nh4 a5 17. Bg5 f6 18. Bd2 Nd8 19. f4 exf4 20. Bxf4 Nf7 21. Bg3 Ne5 22. Qd2 Ra6 23. N4f3 N7c6 24. Nxe5 Nxe5 25. Nf3 a4 26. Kh2 Qa8 27. Nxe5 fxe5 28. Qb2 1/2-1/2

[Event "Schachfestival Senioren"]
[Site "Bad Woerishofen"]
[Date "2023.03.09"]
[Round "7.40"]
[White "Wacker, Manfred"]
[Black "Schmitt, Karl"]
[Result "1/2-1/2"]
[WhiteElo "1718"]
[BlackElo "1808"]
[PlyCount "62"]
[EventDate "2023.??.??"]
[WhiteTeam "SC 1997 Lambsheim"]
[BlackTeam "Bergische SF 1923 Bergisch Gladbach e. V."]

1. d4 d6 2. c4 g6 3. g3 Bg7 4. Bg2 Nd7 5. Nf3 c6 6. O-O e5 7. dxe5 dxe5 8. Nc3 Nh6 9. Bg5 f6 10. Bd2 Nf7 11. Ne4 O-O 12. Bc3 Re8 13. e3 Bf8 14. h4 Be7 15. b4 Nb6 16. c5 Nd5 17. Rc1 Bf5 18. Nfd2 Nxc3 19. Rxc3 Qc7 20. Qb3 Kg7 21. Rd1 Rad8 22. Rd3 Rxd3 23. Qxd3 Rd8 24. Qb3 Qc8 25. Nb1 Rxd1+ 26. Qxd1 Qd7 27. Qxd7 Bxd7 28. Nbd2 f5 29. Nc3 e4 30. Nc4 Bf6 31. Na4 Be7 1/2-1/2

[Event "Schachfestival Senioren"]
[Site "Bad Woerishofen"]
[Date "2023.03.09"]
[Round "7.41"]
[White "Laustsen, Karl-Johan"]
[Black "Leser, Alfred"]
[Result "0-1"]
[WhiteElo "1804"]
[BlackElo "1689"]
[PlyCount "130"]
[EventDate "2023.??.??"]
[WhiteTeam "1.FC Marktleuthen"]
[BlackTeam "Schachfreunde Mengen"]

1. e4 c5 2. Nf3 e6 3. d4 cxd4 4. Nxd4 Nc6 5. c4 a6 6. Nc3 Qc7 7. Be2 Nf6 8. Be3 d6 9. Qd2 Rb8 10. f3 Bd7 11. O-O Be7 12. Rac1 Rc8 13. Rfd1 O-O 14. Bf1 Qb8 15. b3 Rfd8 16. Qf2 Ne5 17. Qe2 Ng6 18. Qf2 Rf8 19. Qd2 Be8 20. Nde2 Nd7 21. Nf4 Nge5 22. Nd3 f5 23. exf5 Rxf5 24. Nf2 Rxf3 25. Nfe4 Rc6 26. Be2 Rf8 27. Ng5 Rf6 28. Nf3 h6 29. Nxe5 Nxe5 30. Bd4 Rf5 31. Rf1 Rxf1+ 32. Rxf1 Bf7 33. Bxe5 dxe5 34. Bf3 Rd6 35. Qe2 Qd8 36. Ne4 Rd4 37. Qf2 Qf8 38. Qe2 Qc8 39. Qf2 Rxe4 40. Qc2 Rf4 41. g3 Rf5 42. Kg2 Rf6 43. Qe4 Be8 44. Qxe5 Rxf3 45. Kxf3 Qc6+ 46. Kg4 Bg6 47. Kh3 h5 48. Rf2 Qe4 49. Qxe4 Bxe4 50. Re2 Bf5+ 51. Kg2 Bb4 52. Kf2 Kf7 53. Ke3 e5 54. h4 Ke6 55. Kf2 e4 56. Ke3 Ke5 57. a4 a5 58. Ra2 b6 59. Ra1 Bc5+ 60. Ke2 e3 61. Rf1 Bg4+ 62. Kd3 e2 63. Re1 Bb4 64. Rxe2+ Bxe2+ 65. Kxe2 Ke4 0-1